Дело о сборах Большого театра со спектаклей за январскую треть с открытия его, то есть 3 февраля

Доступно только в Электронных читальных залах Найти на картеНа карте
RUSMARC
00003613nmc2a22000003x 450
001614bb5c8-0c12-46e9-bce5-ba57d1475772
00520181005164756.0
100##$a20161221l18181818k l0rusy0189 ca
1010#$arus
102##$aRU
2001#$aДело о сборах Большого театра со спектаклей за январскую треть с открытия его, то есть 3 февраля
$j4 января - 1 мая 1818 г.
251##$cДело
300##$aДело
801#0$aRU
$bРГИА
$c20161221
$gRCR
801#1$aRU
$bГлавНИВЦ
$c20161221
$2rusmarc
801#2$aRU
$bПБ им. Б.Н. Ельцина
$c20181005
$gRCR
$2rusmarc
850##$aРГИА
852##$aРГИА
$eФедеральное казенное учреждение "Российский государственный исторический архив" (РГИА)
$j1722
937##$hРГИА
$d12236797
$aASBIBLIO_SCAN
462#0$1001dd3991dc-24e1-42ec-8838-ca4255420416
$12001
$a1746-1850 гг.
$1251
$cОпись
$1852
$j1
461#0$10019264ebf8-de62-4f1a-9eb4-9f22098dbbd5
$12001
$aДирекция императорских театров МИДв
$1251
$cФонд
$1852
$j497
215##$a66 л.
$d36,5х26 см
371##$aДокумент не является опубликованным и широко распространяемым
105##$ay###
1222#$ad
035##$a614bb5c8-0c12-46e9-bce5-ba57d1475772
856##$uhttp://readingroom.main.prlib.ru/item.aspx?id_node=n118973045&mode=full
Формат отображения